| 000 | 00751nam a22001937a 4500 | ||
|---|---|---|---|
| 003 | OSt | ||
| 005 | 20240610153553.0 | ||
| 008 | 240610b ||||| |||| 00| 0 eng d | ||
| 040 | _cAIMIT LIBRARY | ||
| 100 |
_aSequeira, Prathvi Loy. _e2016159 _9169913 |
||
| 245 |
_aAnalysis of financial performance pre and post covid -19 with special reference to new Mangalore port trust Mangalore / _cBy Prathvi Loy Sequeira ; Guided by Beena Dias. |
||
| 260 |
_aMangalore ; _c2022. |
||
| 650 |
_aIndustry profile company profile and introduction to the study _9169914 |
||
| 650 |
_aProblem identification _9169915 |
||
| 650 |
_aResearch methodology _9169916 |
||
| 700 |
_aDias, Beena. _eGuide _9169917 |
||
| 856 | _3New Mangalore Port Trust | ||
| 942 |
_2ddc _cPRO |
||
| 999 |
_c231104 _d231104 |
||